000
00336pab a2200145 454500
008
180718b1999 xxu||||| |||| 00| 0 eng d
100
_a
Wright, Simon
245
_a
The size and scale of policing functions
260
_c
1999
300
_a
p.131-39
362
_a
Apr
650
_a
Police
773
_a
Police Journal
909
_a
41353
999
_c
41353
_d
41353